Taylor Swift - Devine la chanson sans indices #29 - Statistiques

Statistiques générales
  • Ce quiz a été pris 290 fois
  • Le résultat moyen est 286 sur 417
Statistiques - réponses
Réponse % Correct
I,
100%
I
100%
You
98%
you
98%
you,
98%
a
96%
uh,
95%
uh
95%
Uh-uh,
95%
Oh,
92%
oh,
92%
oh
92%
Oh
92%
Oh-oh,
92%
the
90%
me
89%
do
87%
do,
87%
we
85%
your
84%
And
83%
and
83%
can
81%
to
80%
in
79%
on
79%
it
78%
what
77%
What
77%
see
75%
my
73%
That
71%
that
71%
Then
71%
if
69%
don't
68%
So
67%
for
66%
like
65%
would
65%
But
64%
ever
64%
it's
64%
know
64%
they
64%
They
64%
could
62%
never
62%
'Cause
61%
knew?
56%
not
55%
been
53%
us
53%
think
52%
with
52%
baby,
50%
baby
50%
I've
50%
from
47%
only
47%
out?
47%
want
47%
down
46%
made
46%
as
45%
now?
44%
up
44%
yeah
44%
tell,
43%
hall
41%
will
41%
time
39%
found
38%
went
38%
hallway
36%
make
36%
Wait
36%
everything
35%
"Meet
34%
won't
34%
head
33%
keep
33%
things
33%
touch
33%
even
32%
eyes
31%
feel
31%
secret
30%
sound?
30%
waitin'
30%
kept
29%
more
29%
somethin'
29%
wall
29%
against
28%
brush
28%
haven't
28%
mission
28%
addiction
27%
best
27%
kiss,
27%
past
27%
quiet
27%
suit
27%
tonight"
27%
believe
26%
inside
26%
professional
26%
saying,
25%
away
24%
'til
24%
tryin'
24%
yet
24%
ages
23%
half
23%
necktie
23%
note
23%
watchin'
23%
being
22%
happened
22%
myself
22%
ya,
22%
ya?
22%
changed,
20%
fast
20%
Hide
20%
Passed
20%
spend
20%
floor
19%
move
19%
jacket
18%
something's
18%
throw
18%
behaving
16%
start
15%
watchful
14%
Aucun quiz correspondant
Distribution des résultats
% des personnes avec chaque résultat
Percentile par nombre de réponses
Votre historique - résultats
Vous n’avez pas pris ce quiz